RICS careers prospectus of surveying education 2005/6 (Record no. 104824)

MARC details
000 -LEADER
fixed length control field 00848cam a2200193 4500
001 - CONTROL NUMBER
control field ##L131751
008 - FIXED-LENGTH DATA ELEMENTS--GENERAL INFORMATION
fixed length control field 051206n2005 000 0 eng u
035 ## - SYSTEM CONTROL NUMBER
System control number (Sirsi) u131751
041 0# - LANGUAGE CODE
Language code of text/sound track or separate title eng
050 04 - LIBRARY OF CONGRESS CALL NUMBER
Classification number 333.00711 $2 18
110 02 - MAIN ENTRY--CORPORATE NAME
Corporate name or jurisdiction name as entry element Royal Institution of Chartered Surveyors
9 (RLIN) 4900
245 00 - TITLE STATEMENT
Title RICS careers prospectus of surveying education 2005/6
Remainder of title developing your career in surveying - higher education courses in land, property and construction
260 3# - PUBLICATION, DISTRIBUTION, ETC.
Place of publication, distribution, etc. Wallingford
Name of publisher, distributor, etc. GTI
Date of publication, distribution, etc. 2005
300 ## - PHYSICAL DESCRIPTION
Extent 104p.
Dimensions 21cm
Accompanying material + 1 CD-ROM
520 ## - SUMMARY, ETC.
Summary, etc. Features over 350 RICS accredited courses worldwide: information on undergraduate and postgraduate courses for students and professionals. Includes an interactive CD-ROM guide to courses.
651 #4 - SUBJECT ADDED ENTRY--GEOGRAPHIC NAME
Geographic name International
690 ## - LOCAL SUBJECT ADDED ENTRY--TOPICAL TERM (OCLC, RLIN)
Topical term or geographic name as entry element CAREERS, EDUCATION AND TRAINING-CAREERS IN SURVEYING
942 ## - ADDED ENTRY ELEMENTS (KOHA)
Suppress in OPAC 0
Holdings
Withdrawn status Lost status Source of classification or shelving scheme Damaged status Not for loan Home library Current library Shelving location Date acquired Total Checkouts Full call number Barcode Date last seen Copy number Price effective from Koha item type
    Dewey Decimal Classification     London London RICS Boxes 06/12/2005   RICS 2005/35 30070788 06/08/2019 1 06/08/2019 Archive
    Dewey Decimal Classification     London London RICS Boxes 06/12/2005   RICS 2005/35 30070790 06/08/2019 2 06/08/2019 Reference material
    Dewey Decimal Classification     London London RICS Boxes 06/12/2005   RICS 2005/35 30070799 06/08/2019 3 06/08/2019 Book
    Dewey Decimal Classification     London London RICS Boxes 06/12/2005   RICS 2005/35 30070795 06/08/2019 4 06/08/2019 Book